|
|
|
|
| LEADER |
01159nam a2200253 a 4500 |
| 001 |
GR-MES6776 |
| 008 |
000406s gr 000 0 gre d |
| 020 |
|
|
|a 960405743X
|
| 040 |
|
|
|a GrPaTEI
|b gre
|c GR-PaULI
|
| 040 |
|
|
|a GrPaTEI
|b gre
|c GR-PaULI
|
| 082 |
|
0 |
|a 671.52
|2 20
|
| 245 |
0 |
2 |
|a Η πρακτική των συγκολλήσεων /
|c Mike Gellerman ; Κ. Χαρακλιάς.
|
| 260 |
|
|
|a Αθήνα :
|b Ιων,
|c 1997
|
| 300 |
|
|
|a 368 σελ.
|
| 300 |
|
|
|c εικ
|
| 650 |
|
4 |
|a ΣΥΓΚΟΛΛΗΣΕΙΣ
|
| 650 |
|
4 |
|a ΣΥΓΚΟΛΛΗΣΕΙΣ
|x ΣΠΟΥΔΗ ΚΑΙ ΔΙΑΔΑΣΚΑΛΙΑ
|
| 700 |
0 |
|
|a Gellerman, Mike
|
| 700 |
0 |
|
|a Χαρακλιάς, Κώστας
|
| 942 |
|
|
|2 ddc
|
| 952 |
|
|
|0 0
|1 0
|2 ddc
|4 0
|6 671_520000000000000_GEL
|7 0
|9 277122
|a MSLG
|b MSLG
|c BSC
|d 2021-01-17
|e 24
|f 0
|g 0.00
|l 0
|o 671.52 GEL
|p 2420000014869
|r 2021-01-17 00:00:00
|t 1
|v 2021.00
|w 2021-01-17
|y BK15
|x 20030711 0 0
|x GrPaTEI
|
| 952 |
|
|
|0 0
|1 0
|2 ddc
|4 0
|6 671_520000000000000_GEL
|7 0
|9 277123
|a MSLG
|b MSLG
|c BSC
|d 2021-01-17
|e 24
|f 0
|g 0.00
|l 0
|o 671.52 GEL
|p 2420000014870
|r 2021-01-17 00:00:00
|t 1
|w 2021-01-17
|y BK15
|x 20000721 0 1
|x GrPaTEI
|
| 971 |
|
|
|a .b25852450
|b 16-04-20
|c 14-09-16
|
| 999 |
|
|
|c 160954
|d 160954
|